1413 1709 1464 1078 1774 1577 1480 1933 1497 1024 1505 1280 1493 1762 1687 1991 1262 1152 1156 1515 1564 1904 1165 1531 1156 1484 1426 1686 1535 1876 1056 1322 1566 1044 1707 1654 1651 1313 1393 1479 1400 1210 1728 1745 1343 1485 1487 1718 1282 1776 1321 1259 1987 1789 1417 1929 1231 1644 1036 1222 1009 1779 1515 1549 1258 1787 1754 1552 1619 1120 1609 1855 1189 1799 1887 1605 1729 1392 1881 1042 1265 1718 1876 1761 1611 1532 1930 1059 1884 1344 1880 1666 1333 1853 1998 1352 1725 1282 1340 BCNSPRNW ULIB Ver.6.0+V

เปลี่ยนเป็นภาษาไทย

Change to English
 แสดงรายละเอียดบรรณานุกรม
  กลับหน้าหลัก

Brief Record : Get Marc (ISO 2709) : E-mail record : QR code < ปิดหน้าต่าง
LEADER : 00000nam 2200000uu 4500
001    13399121706
003     ULIB
008    020711s2552 th a 000 0 tha d
020    9786167123134
099    นว.^bค472ฝ
100    คีตาวาที
245    ฝั่งฝันปลายทางที่หัวใจ
260    กรุงเทพฯ :^bกรีนมายด์,^c2552
300    400 หน้า
945    ^p259^l0^i026757
999    ^aวรรณษา ชูชัยมงคล
รายการนี้ยังไม่มีแท็ก
คุณยังไม่ได้ล็อกอิน คุณสามารถมีกิจกรรมร่วมกับเว็บไซต์ได้ แต่ต้องล็อกอินก่อน ::
  ล็อกอิน

รายการสื่อสารสนเทศ

ลำดับที่ ประเภท เลขเรียก/บาร์โค้ด สถานที่ สถานะ
1. นวนิยาย
นวนิยาย
นว. ค472ฝ  
  Barcode: 026757
ห้องสมุดวิทยาเขตสวรรค์ประชารักษ์
►นวนิยาย
บนชั้น
  ขอยืม

BibComment


ยังไม่เคยถูกคอมเมนท์

คอมเมนท์ทรัพยากรรายการนี้
  คอมเมนท์: ฝั่งฝันปลายทางที่..


 Copyright 2026. Bcnsprnw @Library